Lengua y literatura i /

Guardado en:
Autor Principal: Pacho García, Sebastián
Formato: Libro
Publicado: Buenos Aires : Docencia, 1981
Edición:2
Etiquetas: Agregar Etiqueta
Sin Etiquetas, Sea el primero en etiquetar este registro!
LEADER 00421nam a22001575a 4500
001 CEM.cems004832
005 20060217000000.0
008 130507s1981##################000#0#####d
003 CEMS
082 0 4 |a 465.3 
100 1 |a Pacho García, Sebastián 
245 1 0 |a Lengua y literatura i / 
250 |a 2 
260 |a Buenos Aires :  |b Docencia,  |c 1981 
300 |a 371 
859 |a CEMS  |b BIB. CEMS - 11 de abril  |h 465.3  |i P117a2/I  |p 12830.83  |t Ej.1